000 01040cam a22003014a 4500
001 15320621
003 BJBSDDR
005 20250317150809.0
007 ta
008 080327s2007 sp a b 000 0 spa
010 _a 2008442491
_z 2008367837
020 _a9788474764338
035 _a(SP-BaPL)pu080000765
040 _aDLC
_cDLC
_dDLC
_bspa
041 _aspa
043 _ae-sp---
050 1 4 _aCIS H 1
_bC397 N.242
100 1 _aAyuso Sánchez, Luis
_941177
245 1 4 _aLas asociaciones familiares en España /
_cLuis Ayuso Sánchez.
250 _a1. ed.
260 _aMadrid :
_bCentro de Investigaciones Sociológicas,
_c2007.
300 _axxiii, 341 páginas :
_bilustraciones ;
_c21 cm.
440 0 _aColección Monografías (Centro de Investigaciones Sociológicas) ;
_95797
_v242
500 _aRevisión de tesis del autor (doctoral)--Universidad de Granada, 2005.
504 _aIncluye referencias bibliográficas (páginas 323-34).
650 4 _aFamilias
_925928
_xSociedades
_zEspaña
942 _2lcc
_n0
_cBK
999 _c122970
_d122970